Sociocultural theory and second language learning

Uloženo v:
Podrobná bibliografie
Hlavní autor: Lantolf, James P (Autor)
Médium: Kniha
Jazyk:angličtina
Vydáno: Oxford Oxford University 2000
Edice:Oxford Applied Linguistics
Témata:
Tagy: Přidat tag
Žádné tagy, Buďte první, kdo vytvoří štítek k tomuto záznamu!

MARC

LEADER 00000nam a2200000 a 4500
001 UCL0626
003 CL-VaPUC
008 030728e20000000UK |||||||||||||||||eng|d
020 |a 0194421600 
082 0 4 |a 418.21  |b LAN  |2 21 
100 0 |a Lantolf, James P  |e author  |9 477299 
245 1 0 |a Sociocultural theory and second language learning 
300 |a 296 p 
942 |c BK 
945 |d 20030728 00:00:00  |a cmena 
260 |a Oxford  |b Oxford University  |c 2000 
650 0 |a Lingüística aplicada   |9 313266 
650 0 |a Adquisición del lenguaje   |9 309032 
650 0 |a Educación lingüística  |9 306506 
583 |a last modification  |c 20140410 05:22:58  |k Rodrigo Vera 
490 0 |a Oxford Applied Linguistics 
999 |c 304441  |d 304439 
952 |0 0  |1 0  |4 0  |6 418_210000000000000_LAN_2000  |7 0  |8 A  |9 366732  |a FDOPOS  |b FDOPOS  |d 2019-11-21  |i 3925048  |o 418.21 LAN 2000  |p 3925048  |r 2025-01-22  |w 2019-11-21  |y BK  |k MLA 
952 |0 0  |1 0  |4 0  |6 418_210000000000000_LAN_2000  |7 0  |8 A  |9 366733  |a FDOPOS  |b FDOPOS  |d 2019-11-21  |i 4203364  |o 418.21 LAN 2000  |p 4203364  |r 2025-01-22  |w 2019-11-21  |y BK  |k MLA